| 000 | 00759nam a2200205Ia 4500 | ||
|---|---|---|---|
| 003 | GCL | ||
| 008 | 140319s9999 xx 000 0 ara d | ||
| 040 |
_aGCL / _cGCL |
||
| 082 | 0 | 4 |
_a922.6 _bع ك |
| 100 | 1 | _aعلى بن انجب الساعى البغدادى | |
| 245 | 1 | 0 |
_aكتاب اخبار الحلاج : من اندر الاصول المخطوطة فى سيرة الحلاج / _cعلى بن انجب الساعى البغدادى |
| 700 | 1 | _aموفق فوزى الجبر | |
| 250 | _aالاولى | ||
| 260 |
_aسوريا : _bدار الطبيعة الجديدة ، _c1996 |
||
| 300 |
_a95 ص ؛ _c19 سم |
||
| 650 | 0 | 4 | _aالتصوف |
| 650 | 0 | 4 | _aالمخطوطات |
| 650 | 0 | 4 | _aالتصوف الاسلامى - تاريخ |
| 942 |
_2ddc _cBK |
||
| 999 |
_c48429 _d48429 |
||